Catalog

Record Details

Catalog Search



Available copies

  • 0 of 1 copy available at LARL/NWRL Consortium.
  • 0 of 1 copy available at Lake Agassiz Regional Library. (Show preferred library)

Current holds

0 current holds with 1 total copy.

Show Only Available Copies
Location Call Number / Copy Notes Barcode Shelving Location Status Due Date
Detroit Lakes Public Library J STA (Text) 33500011433141 Main Checked out 06/03/2026

Record details

  • ISBN: 9780061575433 (hbk.)
  • ISBN: 0061575437 (hbk.)
  • ISBN: 9780061575471 (lib. bdg.)
  • ISBN: 006157547X (lib. bdg.)
  • Physical Description: 307 p. ; 22 cm.
  • Edition: 1st ed.
  • Publisher: New York : Harper, c2011.

Content descriptions

Summary, etc.:
From the age of seven when she became scullery ... Read More
Target Audience Note:
014 up.
Subject: Clairvoyance > Juvenile fiction.
Blessing and cursing > Juvenile fiction.
Magic > Juvenile fiction.
Kings and rulers > Juvenile fiction.
Inheritance and succession > Juvenile fiction.
Clairvoyance > Fiction.
Blessing and cursing > Fiction.
Magic > Fiction.
Kings, queens, rulers, etc. > Fiction.
Inheritance and succession > Fiction.
Fantasy.
LDR 01850cam a2200481 a 4500
001132228
003LARL_NWRL_CONSORTIUM
00520110607103243.0
008100618s2011 nyu d 000 1 eng
010 . ‡a2010021967
020 . ‡a9780061575433 (hbk.)
020 . ‡a0061575437 (hbk.)
020 . ‡a9780061575471 (lib. bdg.)
020 . ‡a006157547X (lib. bdg.)
035 . ‡a(OCoLC)646629026
040 . ‡aDLC ‡cDLC ‡dIG#
05000. ‡aPZ7.S7869 ‡bSjl 2011
08200. ‡a[Fic] ‡222
1001 . ‡aStanley, Diane. ‡0(LARL_NWRL_CONSORTIUM)66011
24514. ‡aThe silver bowl ‡n#1 / ‡cDiane Stanley.
250 . ‡a1st ed.
260 . ‡aNew York : ‡bHarper, ‡cc2011.
300 . ‡a307 p. ; ‡c22 cm.
4900 . ‡aSilver bowl trilogy; ‡v1
5211 . ‡a014 up.
520 . ‡aFrom the age of seven when she became scullery maid in a castle, Molly has seen visions of the future which, years later, lead her and friend Tobias on an adventure to keep Alaric, the heir to the throne, safe from a curse.
650 0. ‡aClairvoyance ‡vJuvenile fiction.
650 0. ‡aBlessing and cursing ‡vJuvenile fiction.
650 0. ‡aMagic ‡vJuvenile fiction. ‡0(LARL_NWRL_CONSORTIUM)165990
650 0. ‡aKings and rulers ‡vJuvenile fiction. ‡0(LARL_NWRL_CONSORTIUM)172662
650 0. ‡aInheritance and succession ‡vJuvenile fiction.
650 1. ‡aClairvoyance ‡vFiction.
650 1. ‡aBlessing and cursing ‡vFiction. ‡0(LARL_NWRL_CONSORTIUM)163718
650 1. ‡aMagic ‡vFiction. ‡0(LARL_NWRL_CONSORTIUM)165984
650 1. ‡aKings, queens, rulers, etc. ‡vFiction.
650 1. ‡aInheritance and succession ‡vFiction. ‡0(LARL_NWRL_CONSORTIUM)165197
650 1. ‡aFantasy. ‡0(LARL_NWRL_CONSORTIUM)19981
948 . ‡hNO HOLDINGS IN LAL - 197 OTHER HOLDINGS
994 . ‡aZ0 ‡bLAL
901 . ‡a132228 ‡bOCLC ‡c132228 ‡tbiblio

Additional Resources